An introduction to the mechanics of soils and foundations : (Record no. 546344)

000 -LEADER
fixed length control field 00680pam a2200193 a 4500
020 ## - INTERNATIONAL STANDARD BOOK NUMBER
International Standard Book Number 007707713X :
082 00 - DEWEY DECIMAL CLASSIFICATION NUMBER
Classification number 624.15136
Author Mark ATI
-- NUST-01, P-63
100 1# - MAIN ENTRY--PERSONAL NAME
Personal name Atkinson, John,
9 (RLIN) 42457
245 13 - TITLE STATEMENT
Title An introduction to the mechanics of soils and foundations :
Remainder of title through critical state soil mechanics /
Statement of responsibility, etc. John Atkinson.
260 ## - PUBLICATION, DISTRIBUTION, ETC.
Place of publication, distribution, etc. London ;
-- New York :
Name of publisher, distributor, etc. McGraw-Hill Book Co.,
Date of publication, distribution, etc. c1993.
300 ## - PHYSICAL DESCRIPTION
Extent xviii, 337 p. :
Other physical details ill. ;
Dimensions 25 cm.
526 ## - STUDY PROGRAM INFORMATION NOTE
Program name 0
Interest level 0
Reading level 0
Title point value 624_151360000000000_ATI
526 ## - STUDY PROGRAM INFORMATION NOTE
Program name 0
Interest level 0
Reading level 0
Title point value 624_151360000000000_ATI
650 #0 - SUBJECT ADDED ENTRY--TOPICAL TERM
Topical term or geographic name entry element Foundations.
9 (RLIN) 892
650 #0 - SUBJECT ADDED ENTRY--TOPICAL TERM
Topical term or geographic name entry element MCE
9 (RLIN) 379
650 #0 - SUBJECT ADDED ENTRY--TOPICAL TERM
Topical term or geographic name entry element Slopes (Soil mechanics)
9 (RLIN) 37705
650 #0 - SUBJECT ADDED ENTRY--TOPICAL TERM
Topical term or geographic name entry element Soil mechanics.
942 ## - ADDED ENTRY ELEMENTS (KOHA)
Source of classification or shelving scheme
Koha item type Book
Holdings
Withdrawn status Lost status Source of classification or shelving scheme Damaged status Not for loan Permanent Location Current Location Date acquired Total Checkouts Full call number Barcode Date last seen Price effective from Koha item type
          Military College of Engineering (MCE) Military College of Engineering (MCE) 06/10/2014   624.15136 ATI MCE-32608 06/10/2014 06/10/2014 Book
          Military College of Engineering (MCE) Military College of Engineering (MCE) 06/10/2014   624.15136 ATI MCE-44473 06/10/2014 06/10/2014 Book
© 2023 Central Library, National University of Sciences and Technology. All Rights Reserved.